| 000 | 00777nam a22002897a 4500 | ||
|---|---|---|---|
| 003 | CHAP | ||
| 005 | 20220329135221.0 | ||
| 008 | 971013s1917 r 00010 d | ||
| 010 | _a32782 | ||
| 011 | _a33754 | ||
| 035 | _a37870 | ||
| 040 | _cCHAP | ||
| 090 | _aTesis | ||
| 100 | 0 | 0 |
_aNoriega, Carlos. _981743 |
| 245 | _aEstudio sobre algunas fibras de origen vegetal | ||
| 260 |
_a(México, D. F.) : _bEl autor, _c(1917) |
||
| 300 | _a25 h. | ||
| 502 | _aTesis | ||
| 590 |
_aALEPH _b10 _c20130110 _lUCH01 _h1256 |
||
| 590 |
_aBATCH-UPD _b10 _c20130110 _lUCH01 _h2037 |
||
| 590 |
_aCONVERSION _b10 _c20130109 _lUCH01 _h1318 |
||
| 650 | 1 | 4 |
_aFibras vegetales. _940703 |
| 710 | 0 |
_aENA. _936669 |
|
| 901 | _aBK | ||
| 942 | _cTESIS | ||
| 949 |
_bBC _cTES _d-86774 _eTS1 _i37870 _si |
||
| 999 |
_c32782 _d32782 |
||